[Event "13. Online Aktivschach WM"]
[Site "Schachcomputer.info"]
[Date "2017.02.04"]
[Round "4.11"]
[White "Millennium ChessGenius 82 MHz"]
[Black "Saitek Sparc"]
[Result "1/2-1/2"]
[WhiteElo "2250"]
[BlackElo "2204"]
[PlyCount "121"]
[EventDate "2016.??.??"]

1. e4 e6 2. d4 d5 3. Nd2 Nf6 4. e5 Nfd7 5. Bd3 c5 6. c3 Nc6 7. Ne2 cxd4 8. cxd4
f6 9. exf6 Nxf6 10. Nf3 Qc7 {Buchende Weiss} 11. Bf4 {Buchende Schwarz} Bb4+
12. Kf1 Bd6 13. Bxd6 Qxd6 14. Qb3 O-O 15. Rc1 Ne4 16. Ke1 Bd7 17. Bxe4 dxe4 18.
Ng5 Nxd4 19. Qh3 Qb4+ 20. Qc3 Nc6 21. Rd1 Rad8 22. a3 Qa4 23. Ng3 Bc8 24. Rxd8
Rxd8 25. b3 Qxa3 26. N5xe4 Nd4 27. Nd2 e5 28. Nge4 Bf5 29. Nc4 Qa6 30. Ned2 Rc8
31. Qb2 Qg6 32. g3 Qg4 33. f3 Nxf3+ 34. Nxf3 Qxf3 35. Rf1 Qd3 36. Qe2 Qxb3 37.
Nd2 Qe6 38. Qe3 a5 39. Qa3 b6 40. Rf2 Qd7 41. Qb2 a4 42. Qa3 b5 43. Qa2+ Be6
44. Qb2 Qd5 45. Qb4 g6 46. Rf6 Qh1+ 47. Nf1 Bb3 48. h4 Bc4 49. Qe7 Qe4+ 50. Kf2
Bxf1 51. Qe6+ Kg7 52. Qd7+ Kxf6 53. Qd6+ Kf7 54. Qd7+ Kf8 55. Qd6+ Kg7 56. Qe7+
Kh8 57. Qf6+ Kg8 58. Qe6+ Kg7 59. Qe7+ Kh6 60. Qg5+ Kg7 61. Qe7+ 1/2-1/2

[Event "13. Online Aktivschach WM"]
[Site "Schachcomputer.info"]
[Date "2017.02.24"]
[Round "5.2"]
[White "Mephisto Genius 68030"]
[Black "Tasc CM 32 MHz Gideon 3.0"]
[Result "1-0"]
[WhiteElo "2338"]
[BlackElo "2365"]
[PlyCount "91"]
[EventDate "2016.??.??"]

1. d4 Nf6 2. c4 e6 3. Nc3 Bb4 4. e3 O-O 5. Nf3 c5 6. Bd3 d5 7. O-O dxc4 8. Bxc4
Nbd7 9. Qe2 b6 10. Rd1 cxd4 11. exd4 Bb7 12. d5 exd5 13. Nxd5 Re8 14. Qd3 Nc5
15. Qf5 Bxd5 16. Bxd5 Nxd5 17. Rxd5 Qxd5 18. Qxd5 Rad8 19. Qxd8 Rxd8 20. Be3
Nd3 21. b3 Bc3 22. Rd1 Rd5 23. Kf1 f5 24. Ke2 Nb4 25. a4 Rxd1 26. Kxd1 Bf6 27.
Bd4 Kf7 28. Kd2 Nc6 29. Bxf6 Kxf6 30. Ke3 Nb4 31. Kd4 Na6 32. Kc4 Nc5 33. Nd4
Kg5 34. Kb5 Kf6 35. Nc6 Nxb3 36. Nxa7 Nd2 37. Kxb6 Nc4+ 38. Kc7 Ke6 39. Nc6 Nd6
40. Nd4+ Kd5 41. a5 Nc4 42. a6 Kc5 43. Nxf5 Nb6 44. a7 h5 45. Nxg7 h4 46. Kb7
1-0

[Event "13. Online Aktivschach WM"]
[Site "Schachcomputer.info"]
[Date "2017.03.05"]
[Round "5.3"]
[White "Resurrection Ruffian"]
[Black "Millennium ChessGenius Pro"]
[Result "0-1"]
[WhiteElo "2370"]
[BlackElo "2307"]
[PlyCount "106"]
[EventDate "2016.??.??"]

1. e4 c5 2. Nf3 e6 3. d4 cxd4 4. Nxd4 Nf6 5. Nc3 Nc6 6. Ndb5 d6 7. Bf4 e5 8.
Bg5 a6 9. Na3 b5 10. Nd5 Be7 11. Bxf6 Bxf6 12. c3 O-O 13. Nc2 Bg5 14. a4 bxa4
15. Rxa4 Ne7 16. h4 Nxd5 17. hxg5 Nb6 18. Qh5 h6 19. Rb4 a5 20. Rb3 Be6 21. c4
Bxc4 22. Bxc4 Nxc4 23. Rg3 Kh8 24. b3 Nb6 25. O-O Rc8 26. Ne3 Rc5 27. Rd1 Rc3
28. Rb1 Nd7 29. b4 Kh7 30. bxa5 Qxa5 31. Rd1 Nc5 32. gxh6 g6 33. Qf3 Qd8 34.
Rh3 Ra3 35. Rc1 Qg5 36. Rc4 Ne6 37. Qd1 Rfa8 38. Rc1 Nf4 39. Rh2 Ra2 40. Qf3 d5
41. Rd1 d4 42. Nc4 Qf6 43. Kh1 R8a4 44. g3 Rxc4 45. gxf4 exf4 46. Qd3 Rcc2 47.
e5 Rxf2 48. exf6 Rxh2+ 49. Kg1 Rag2+ 50. Kf1 Rf2+ 51. Kg1 f3 52. Qxf3 Rxf3 53.
Kxh2 Rf4 0-1

[Event "13. Online Aktivschach WM"]
[Site "Schachcomputer.info"]
[Date "2017.02.22"]
[Round "5.4"]
[White "Millennium ChessGenius"]
[Black "Tasc CM 32 MHz King 2.2"]
[Result "1-0"]
[WhiteElo "2218"]
[BlackElo "2365"]
[PlyCount "213"]
[EventDate "2016.??.??"]

1. e4 c5 2. Nf3 Nc6 3. d4 cxd4 4. Nxd4 e5 5. Nb5 a6 6. Nd6+ Bxd6 7. Qxd6 Qf6 8.
Qd1 Qg6 9. Nc3 d5 10. Nxd5 Qxe4+ 11. Be3 Nd4 12. Nc7+ Ke7 13. Nxa8 Nxc2+ 14.
Kd2 Nxe3 15. fxe3 Nf6 16. Qb3 Rd8+ 17. Ke1 Ng4 18. Nb6 Nxe3 19. Nxc8+ Rxc8 20.
Bd3 Nc2+ 21. Kf2 Qe3+ 22. Kf1 Nxa1 23. Qxb7+ Kd8 24. Qd5+ Ke8 25. g3 Qc1+ 26.
Kg2 Qxb2+ 27. Kh3 Rd8 28. Qc6+ Kf8 29. Bc4 Qd4 30. Rf1 Qd7+ 31. Qxd7 Rxd7 32.
Rxa1 a5 33. Rb1 Ra7 34. Rb5 f6 35. Bd3 g6 36. a4 Rd7 37. Bf1 Ra7 38. Kg4 Kf7
39. Kf3 h5 40. Bc4+ Kg7 41. Ke3 Rc7 42. Bd3 Ra7 43. Rc5 Kh7 44. h3 Kg7 45. Bc2
Kh7 46. Rb5 Kg7 47. Bd3 Kh6 48. h4 Kg7 49. Rd5 Kf7 50. Rc5 Kg7 51. Ke4 Kh7 52.
Bc2 Kh6 53. Ke3 Kg7 54. Bd3 Kh6 55. Rd5 Kg7 56. Kf3 Kf7 57. Rb5 Kg7 58. Ke4 Kf7
59. Bc4+ Kf8 60. Ke3 Kg7 61. Bd3 Kh6 62. Kf2 Rd7 63. Be2 Ra7 64. Ke3 Kg7 65.
Bd1 Rd7 66. Bf3 Ra7 67. Rc5 Kf7 68. Bd5+ Kg7 69. Ke4 Kh6 70. Ba2 Ra8 71. Rc6
Kg7 72. Rc7+ Kh6 73. Rc5 Ra6 74. Bc4 Rd6 75. Bd5 Ra6 76. Rb5 Ra7 77. Bb7 Kg7
78. Kd5 g5 79. hxg5 fxg5 80. Kxe5 h4 81. gxh4 gxh4 82. Kf4 h3 83. Kg3 h2 84.
Kxh2 Kf6 85. Kg3 Ke7 86. Kf2 Kf7 87. Be4 Ke7 88. Ke3 Kf8 89. Kd4 Ke7 90. Kc5
Ra6 91. Rb7+ Kf6 92. Rb6+ Rxb6 93. Kxb6 Ke5 94. Kxa5 Kxe4 95. Kb6 Kd5 96. a5
Kd6 97. a6 Kd5 98. a7 Ke5 99. a8=Q Kf4 100. Kc5 Ke3 101. Qd5 Kf4 102. Kd4 Kg3
103. Qf5 Kg2 104. Ke3 Kg3 105. Qg6+ Kh3 106. Kf3 Kh4 107. Qg4# 1-0

[Event "13. Online Aktivschach WM"]
[Site "Schachcomputer.info"]
[Date "2017.03.05"]
[Round "5.5"]
[White "Reflection London"]
[Black "Mephisto Atlanta"]
[Result "1-0"]
[WhiteElo "2450"]
[BlackElo "2270"]
[PlyCount "101"]
[EventDate "2016.??.??"]

1. e4 c6 2. d4 d5 3. Nc3 dxe4 4. Nxe4 Nd7 5. Nf3 Ngf6 6. Ng3 e6 7. Bd3 c5 8.
O-O cxd4 9. Nxd4 Bc5 10. Nf3 O-O 11. Qe2 b6 12. Bf4 Bb7 13. Rad1 Qc8 14. Ne4
Nxe4 15. Bxe4 Bxe4 16. Qxe4 Nf6 17. Qa4 Nd5 18. Be5 a6 19. Qe4 f6 20. c4 Ne7
21. Bc3 b5 22. b4 Ba7 23. c5 Nd5 24. Bb2 Rd8 25. Rfe1 Qd7 26. a3 a5 27. Nd4 Nc7
28. Qg4 Qf7 29. Nc6 Re8 30. Rd6 Kh8 31. Qd4 Nd5 32. bxa5 Ne7 33. Nxa7 e5 34.
Qd3 Rxa7 35. Qxb5 Nf5 36. Rb6 Rd8 37. a6 Rad7 38. Rb8 Qd5 39. g3 Ne7 40. h3 Nc6
41. Rb7 Qf3 42. Qe2 Qxe2 43. Rxe2 Rxb7 44. axb7 Rb8 45. f4 exf4 46. Re6 Na5 47.
c6 Nxb7 48. cxb7 h6 49. Rb6 fxg3 50. a4 h5 51. a5 1-0

[Event "13. Online Aktivschach WM"]
[Site "Schachcomputer.info"]
[Date "2017.02.27"]
[Round "5.6"]
[White "Tasc R30 V2.5"]
[Black "Tasc CM 14 MHz King 2.54"]
[Result "0-1"]
[WhiteElo "2371"]
[BlackElo "2341"]
[PlyCount "154"]
[EventDate "2016.??.??"]

1. d4 c6 2. e4 d5 3. Nc3 dxe4 4. Nxe4 Bf5 5. Nc5 Qc7 6. Bd3 Bxd3 7. Nxd3 e6 8.
Nf3 Nd7 9. O-O Ngf6 10. c4 Be7 11. Re1 O-O 12. Bf4 Bd6 13. Nfe5 Rfd8 14. Qf3
Nf8 15. Rad1 Ng6 16. Bg3 Qa5 17. a3 Bxe5 18. dxe5 Nh5 19. Re4 Nxg3 20. Qxg3 c5
21. Qf3 Rd7 22. h4 Ne7 23. Rg4 Rad8 24. h5 Nf5 25. h6 Qa4 26. Rd2 Qc6 27. Qh3
g6 28. Rf4 a6 29. b4 cxb4 30. Nxb4 Qc5 31. Rxd7 Rxd7 32. Qc3 Rd1+ 33. Kh2 Qf8
34. Qh3 Rd2 35. g4 Qxh6 36. Qxh6 Nxh6 37. g5 Nf5 38. c5 Nd4 39. c6 Nxc6 40.
Nxc6 bxc6 41. Kg2 Rd5 42. Re4 Kg7 43. f4 Ra5 44. a4 Rc5 45. Kf2 Rc3 46. Ke2 c5
47. Kd2 Ra3 48. Rc4 h6 49. gxh6+ Kxh6 50. Rxc5 Rxa4 51. Ke3 g5 52. fxg5+ Kxg5
53. Rc7 Kf5 54. Rxf7+ Kxe5 55. Kd3 a5 56. Kc3 Ke4 57. Rf1 e5 58. Kb3 Rd4 59.
Re1+ Kd5 60. Ra1 a4+ 61. Kc2 e4 62. Ra3 Ke5 63. Rh3 Kf4 64. Kc3 Rd1 65. Kc2 Rd6
66. Rh4+ Kf3 67. Rh3+ Kf2 68. Rh4 Re6 69. Rh2+ Kg3 70. Rh7 Ra6 71. Rh1 a3 72.
Kb1 e3 73. Rh8 Rf6 74. Re8 Kf2 75. Ka2 Rf4 76. Kxa3 e2 77. Kb3 e1=Q 0-1

[Event "13. Online Aktivschach WM"]
[Site "Schachcomputer.info"]
[Date "2017.02.22"]
[Round "5.7"]
[White "Mephisto Atlanta 36 MHz"]
[Black "Mephisto Berlin Pro"]
[Result "1-0"]
[WhiteElo "2300"]
[BlackElo "2274"]
[PlyCount "119"]
[EventDate "2016.??.??"]

1. d4 d5 2. c4 dxc4 3. Nf3 a6 4. Nc3 Nf6 5. a4 Nc6 6. e4 Bg4 7. Be3 e5 8. dxe5
Nd7 9. Bxc4 Ndxe5 10. Nxe5 Nxe5 11. Be2 Qxd1+ 12. Rxd1 Be6 13. f4 Nc4 14. Bc1
Nb6 15. a5 Nd7 16. Nd5 Rc8 17. Be3 c6 18. Nb6 Bb4+ 19. Kf2 Nxb6 20. Bxb6 g6 21.
Ke3 O-O 22. Rd4 c5 23. Rd3 Rfe8 24. Rc1 Bf5 25. Bf3 Re7 26. g4 Bxe4 27. Bxe4 f5
28. gxf5 gxf5 29. Rc4 Rce8 30. Rd8 Rxd8 31. Bxd8 Re8 32. Bc7 Kf7 33. Be5 fxe4
34. Kxe4 Re6 35. Rc1 Rg6 36. Rd1 Ke7 37. f5 Rg4+ 38. Kf3 Rg5 39. Kf4 Rg2 40.
f6+ Ke8 41. Kf5 Bxa5 42. Ke6 Re2 43. Rg1 Kf8 44. Rg7 h6 45. Rxb7 Bd8 46. Rb8
Rd2 47. Bd6+ Rxd6+ 48. Kxd6 Kf7 49. Rxd8 Kxf6 50. Kxc5 h5 51. Rd6+ Ke7 52. Rxa6
h4 53. Rh6 Kd7 54. Rd6+ Kc7 55. h3 Kb7 56. Rd7+ Kc8 57. Kc6 Kb8 58. Rd8+ Ka7
59. b4 Ka6 60. Ra8# 1-0

[Event "13. Online Aktivschach WM"]
[Site "Schachcomputer.info"]
[Date "2017.02.26"]
[Round "5.8"]
[White "Pewatronic Master Chess"]
[Black "Fidelity Excel Mach IV"]
[Result "0-1"]
[WhiteElo "2208"]
[BlackElo "2123"]
[PlyCount "104"]
[EventDate "2016.??.??"]

1. e4 e5 2. Nf3 Nc6 3. Bc4 Bc5 4. d3 Nf6 5. Nc3 d6 6. Be3 Bxe3 7. fxe3 Na5 8.
Bb3 Nxb3 9. axb3 Ng4 10. h3 Nh6 11. O-O O-O 12. d4 f6 13. Qe2 Be6 14. Qb5 Qc8
15. Qd3 Qd7 16. Rfd1 Qf7 17. Rd2 Qg6 18. Nb5 Rf7 19. Kh2 Qh5 20. dxe5 fxe5 21.
Rh1 a6 22. Nc3 Raf8 23. Kg1 Qg6 24. Kf2 b5 25. Nd5 Kh8 26. Nxc7 Rxc7 27. Qxd6
Rcf7 28. Rd3 Rf6 29. Qxe5 Bxh3 30. Qg3 Bg4 31. Rd4 Re6 32. c4 Rxe4 33. Rd6 Qf5
34. Rxa6 Qc5 35. Re1 Nf5 36. b4 Qc8 37. Qh2 Qxa6 38. cxb5 Qxb5 39. Rh1 h6 40.
Re1 Qxb4 41. Qc7 Bxf3 42. gxf3 Rc4 43. Qxc4 Qxc4 44. f4 Nxe3 45. Rxe3 Qxf4+ 46.
Ke2 Qf1+ 47. Kd2 Rd8+ 48. Kc2 Qd1+ 49. Kc3 Qc1+ 50. Kb3 Rb8+ 51. Ka4 Qc4+ 52.
Ka5 Qb5# 0-1

[Event "13. Online Aktivschach WM"]
[Site "Schachcomputer.info"]
[Date "2017.02.23"]
[Round "5.9"]
[White "Saitek Barracuda 40 MHz"]
[Black "Novag Star Diamond"]
[Result "0-1"]
[WhiteElo "2150"]
[BlackElo "2186"]
[PlyCount "66"]
[EventDate "2016.??.??"]

1. d4 d5 2. c4 dxc4 3. Nf3 Nf6 4. e3 Bg4 5. Bxc4 e6 6. h3 Bh5 7. Nbd2 c5 8. Qb3
Qc7 9. O-O Nc6 10. d5 exd5 11. Bxd5 O-O-O 12. Bxc6 Qxc6 13. g4 Bg6 14. Rd1 Qd5
15. Qa4 h5 16. Qxa7 Bc2 17. Re1 hxg4 18. hxg4 Nxg4 19. Qa8+ Kd7 20. e4 Qc6 21.
Qa7 Ke8 22. Nb3 Bd1 23. Nfd4 cxd4 24. Rxd1 Qxe4 25. Qa4+ Ke7 26. Bg5+ f6 27.
Qb4+ Kf7 28. Qc4+ Rd5 29. f3 Qxf3 30. Qc7+ Kg8 31. Bh4 Rxh4 32. Qxg7+ Bxg7 33.
Rac1 Qf2# 0-1

[Event "13. Online Aktivschach WM"]
[Site "Schachcomputer.info"]
[Date "2017.02.19"]
[Round "5.10"]
[White "Millennium ChessGenius 82 MHz"]
[Black "Mephisto Mystery 40 MHz"]
[Result "1-0"]
[WhiteElo "2250"]
[BlackElo "2183"]
[PlyCount "119"]
[EventDate "2016.??.??"]

1. d4 Nf6 2. c4 e6 3. Nf3 b6 4. g3 Ba6 5. b3 d5 6. Bg2 dxc4 7. Ne5 c6 8. bxc4
Qc7 9. Qa4 b5 10. Qc2 Bd6 11. cxb5 Bxb5 12. f4 Nd5 13. Nc3 Bb4 14. Bd2 Bxc3 15.
Bxc3 Ne3 16. Qe4 Nxg2+ 17. Qxg2 O-O 18. Qe4 Nd7 19. a4 Ba6 20. Qxc6 Rfc8 21.
Qxc7 Rxc7 22. Ba5 Nb6 23. Bxb6 axb6 24. Kd2 Rac8 25. Ra2 Bb7 26. Rb1 Bd5 27.
Rab2 Be4 28. Nd3 Rc4 29. Rxb6 Rxa4 30. Rb8 Ra8 31. Rxc8+ Rxc8 32. Rb5 Bd5 33.
Rc5 Rb8 34. f5 g5 35. f6 h5 36. h4 gxh4 37. gxh4 Ra8 38. Nf4 Ra4 39. Ke3 Ra3+
40. Kf2 Bb7 41. Rg5+ Kf8 42. Rxh5 Kg8 43. Rg5+ Kf8 44. Rb5 Ra7 45. h5 Ke8 46.
h6 Be4 47. Ke3 Bh7 48. Rb8+ Kd7 49. Rh8 e5 50. dxe5 Bf5 51. h7 Ra3+ 52. Kf2 Ra4
53. e6+ fxe6 54. Ng2 Bg6 55. Rd8+ Kxd8 56. h8=Q+ Kc7 57. Qg7+ Kd6 58. Qxg6 Ra5
59. f7 Rf5+ 60. Qxf5 {1-0 Aufgegeben} 1-0

[Event "13. Online Aktivschach WM"]
[Site "Schachcomputer.info"]
[Date "2017.02.26"]
[Round "5.11"]
[White "Saitek Sparc"]
[Black "Mephisto Milano Pro"]
[Result "1/2-1/2"]
[WhiteElo "2204"]
[BlackElo "2163"]
[PlyCount "77"]
[EventDate "2016.??.??"]

1. d4 d5 2. c4 e6 3. Nc3 Nf6 4. Bg5 Nbd7 5. e3 Be7 6. Nf3 O-O 7. Rc1 c6 8. Bd3
dxc4 9. Bxc4 Nd5 10. Bxe7 Qxe7 11. O-O Nxc3 12. Rxc3 e5 13. dxe5 Nxe5 14. Nxe5
Qxe5 15. f4 Qe4 16. Qe2 Rd8 17. Bb3 Be6 18. Rd1 Rxd1+ 19. Qxd1 Bxb3 20. Rxb3 b5
21. Rc3 Re8 22. Qc2 Qe6 23. Qc1 Qxa2 24. Rxc6 a5 25. Rc5 Qb3 26. e4 h6 27. Rd5
f5 28. Rxf5 Rxe4 29. Re5 Rxe5 30. fxe5 Qd5 31. Qe3 Kf7 32. Qf4+ Ke7 33. h3 Ke6
34. Qg4+ Kf7 35. Qf5+ Ke7 36. Qf4 Ke6 37. Qg4+ Kf7 38. Qf5+ Ke7 39. Qf4 {
1/2-1/2} 1/2-1/2

[Event "13. Online Aktivschach WM"]
[Site "Schachcomputer.info"]
[Date "2017.03.24"]
[Round "6.2"]
[White "Mephisto Genius 68030"]
[Black "Tasc CM 32 MHz Gideon 3.1"]
[Result "0-1"]
[WhiteElo "2338"]
[BlackElo "2379"]
[PlyCount "82"]
[EventDate "2016.??.??"]

1. d4 c6 2. c4 d5 3. Nf3 Nf6 4. Nc3 e6 5. e3 Nbd7 6. Bd3 Be7 {BE Genius} 7. O-O
O-O 8. Qc2 {BE Gideon} dxc4 9. Bxc4 b5 10. Bd3 Bb7 11. Ng5 h6 12. Nh7 Nxh7 13.
Bxh7+ Kh8 14. Be4 f5 15. Bf3 e5 16. Bd2 e4 17. Be2 b4 18. Na4 Bd6 19. Rac1 a5
20. Qb3 g6 21. a3 Qe7 22. f3 Qh4 23. f4 Qe7 24. Ra1 Rfb8 25. axb4 axb4 26. Rfc1
Ra5 27. Be1 Rba8 28. Qc2 Nf6 29. Bh4 g5 30. fxg5 Nd5 31. Bf2 hxg5 32. Qd1 Qh7
33. g3 f4 34. Nc5 Nxe3 35. Bxe3 fxg3 36. hxg3 Bxg3 37. Bh5 Rxa1 38. Rxa1 Rxa1
39. Qxa1 Qxh5 40. Nxe4 Qh2+ 41. Kf1 Qh1+ 0-1

[Event "13. Online Aktivschach WM"]
[Site "Schachcomputer.info"]
[Date "2017.03.18"]
[Round "6.3"]
[White "Tasc CM 32 MHz Gideon 3.0"]
[Black "Millennium ChessGenius"]
[Result "1-0"]
[WhiteElo "2365"]
[BlackElo "2218"]
[PlyCount "155"]
[EventDate "2016.??.??"]

1. Nf3 e6 2. d4 Nf6 3. c4 d5 4. Bg5 Be7 5. Nc3 O-O 6. e3 h6 7. Bh4 Ne4 8. Bxe7
Qxe7 9. Rc1 c6 10. Bd3 f5 11. Ne5 Qb4 12. f3 Nd6 13. Qb3 Qxb3 14. axb3 Nd7 15.
O-O Nxe5 16. dxe5 Nf7 17. f4 Bd7 18. Rfd1 Rfd8 19. c5 g5 20. Ne2 Kf8 21. Nd4
Ke7 22. g3 a5 23. Kf2 gxf4 24. gxf4 Rg8 25. Rg1 Rxg1 26. Rxg1 Rb8 27. Rg6 Re8
28. h4 Bc8 29. Rg1 Bd7 30. Ra1 b6 31. Rc1 Rb8 32. cxb6 Rxb6 33. Rc5 a4 34. bxa4
Rxb2+ 35. Kf3 Nd8 36. Bc2 Be8 37. Kg3 Ra2 38. Ra5 Ra3 39. Kf3 Rc3 40. Bxf5 exf5
41. Nxf5+ Kd7 42. Ra7+ Kc8 43. Rh7 Bh5+ 44. Kf2 Bg4 45. Nd6+ Kb8 46. f5 Rb3 47.
Rxh6 c5 48. Rg6 Bh5 49. Rg8 Kc7 50. Rg5 Bd1 51. h5 Rb2+ 52. Kg3 Rb3 53. Kf4 Bc2
54. Rg7+ Kc6 55. h6 Rb1 56. h7 Rh1 57. a5 Bd3 58. Rg8 Rh4+ 59. Kg5 Rxh7 60.
Rxd8 Rg7+ 61. Kf4 Kc7 62. Rc8+ Kd7 63. a6 Bxa6 64. Ra8 Bb7 65. Nxb7 Kc6 66.
Na5+ Kb5 67. e6 Re7 68. Ke5 Rh7 69. f6 Rh5+ 70. Kd6 Rf5 71. f7 Kb4 72. Nc6+ Kc3
73. Ne7 Rf1 74. Nxd5+ Kd3 75. f8=Q Rxf8 76. Rxf8 c4 77. e7 Kd2 78. e8=Q 1-0

[Event "13. Online Aktivschach WM"]
[Site "Schachcomputer.info"]
[Date "2017.03.14"]
[Round "6.4"]
[White "Tasc CM 14 MHz King 2.54"]
[Black "Reflection London"]
[Result "1-0"]
[WhiteElo "2341"]
[BlackElo "2450"]
[PlyCount "163"]
[EventDate "2016.??.??"]

1. d4 Nf6 2. c4 c5 3. d5 e6 4. Nc3 exd5 5. cxd5 d6 6. Nf3 g6 7. e4 Bg7 8. Be2
O-O 9. O-O a6 10. a4 Bg4 11. Bf4 Qe7 12. Nd2 Bxe2 13. Qxe2 Nh5 14. Be3 Nd7 15.
Rfb1 Rab8 16. a5 Rfe8 17. Rc1 Nhf6 18. Bg5 Qe5 19. Nf3 Qe7 20. Bh4 Qf8 21. Ra4
Nh5 22. Re1 b5 23. axb6 Rxb6 24. Bg5 h6 25. Bc1 Ra8 26. Rd1 Qc8 27. Ra3 Rab8
28. h3 Qb7 29. Qd3 Kh7 30. Re1 Ne5 31. Nxe5 Bxe5 32. Ra2 Nf4 33. Qf3 g5 34. h4
f6 35. g3 Ng6 36. h5 Ne7 37. Qe2 Kg7 38. Ra3 f5 39. Qd3 Qc8 40. Ra4 Kg8 41. Re2
fxe4 42. Raxe4 Qf5 43. g4 Qf6 44. f4 gxf4 45. Bxf4 Bxf4 46. Rxe7 Qd4+ 47. Qxd4
cxd4 48. Ne4 Kf8 49. Re6 Be3+ 50. Kf1 Rxb2 51. Rxb2 Rxb2 52. Nxd6 Bg5 53. Ne4
Be3 54. d6 Rb1+ 55. Ke2 Rb2+ 56. Kd3 Rb3+ 57. Kc4 Rb8 58. Nc5 Rd8 59. Nxa6 d3
60. Kxd3 Bf4 61. Rf6+ Kg7 62. Rg6+ Kh7 63. Nc5 Rxd6+ 64. Ke4 Bh2 65. Ne6 Rd2
66. g5 hxg5 67. Nxg5+ Kh8 68. h6 Re2+ 69. Kf5 Rf2+ 70. Ke6 Re2+ 71. Kd7 Rf2 72.
Rg7 Rf5 73. Nf7+ Rxf7+ 74. Rxf7 Be5 75. Ke6 Kg8 76. h7+ Kh8 77. Kf5 Bd4 78. Kg6
Bg7 79. Ra7 Bf8 80. Rc7 Bd6 81. Rc8+ Bf8 82. Rxf8# 1-0

[Event "13. Online Aktivschach WM"]
[Site "Schachcomputer.info"]
[Date "2017.03.27"]
[Round "6.5"]
[White "Tasc CM 32 MHz King 2.2"]
[Black "Mephisto Atlanta 36 MHz"]
[Result "0-1"]
[WhiteElo "2365"]
[BlackElo "2300"]
[PlyCount "174"]
[EventDate "2016.??.??"]

1. d4 Nf6 2. c4 e6 3. Nc3 Bb4 4. Qc2 d5 5. cxd5 exd5 6. Nf3 O-O 7. Bf4 Nbd7 8.
e3 Re8 9. Bd3 c6 10. O-O Nf8 11. a3 Be7 12. Rfc1 Nh5 13. Ne2 Bg4 14. Be5 Bxf3
15. gxf3 Bg5 16. Bf5 f6 17. Bg3 Nxg3 18. hxg3 Qe7 19. f4 Bh6 20. Bh3 a6 21. Qb3
Rad8 22. Nc3 Qf7 23. Na4 Ne6 24. Bxe6 Rxe6 25. Nc5 Re7 26. Qb4 Rc8 27. Kg2 Rcc7
28. Rh1 Re8 29. g4 Rce7 30. Kg3 Ra8 31. Rad1 Rd8 32. Qb6 Rc8 33. Qb3 Rf8 34.
Rh4 Rd8 35. Qb6 Rc8 36. Rhh1 Kh8 37. Qb4 Rcc7 38. f5 Rc8 39. b3 Rce8 40. Kg2
Rd8 41. Ne6 Rxe6 42. fxe6 Qxe6 43. Kg3 Rb8 44. Rh5 Bxe3 45. Re1 a5 46. Qc3 Qd6+
47. Kg2 Bh6 48. Qxa5 Qf4 49. Qc3 Qxg4+ 50. Qg3 Qxg3+ 51. fxg3 Kg8 52. Re7 Bc1
53. a4 h6 54. Kf3 Bg5 55. b4 f5 56. Rd7 f4 57. gxf4 Rf8 58. Rxg5 hxg5 59. Rxb7
Rxf4+ 60. Ke3 Rf8 61. Rb6 Re8+ 62. Kf2 Re4 63. Rxc6 Rxd4 64. Rb6 Rf4+ 65. Ke3
Re4+ 66. Kd3 g4 67. Kc3 Kh7 68. Rd6 Re5 69. Rc6 g3 70. Kb3 Re3+ 71. Kb2 Re2+
72. Kb3 g2 73. Rc1 d4 74. Kc4 Rc2+ 75. Rxc2 g1=Q 76. a5 Kg6 77. Ra2 Qe3 78. b5
Qe6+ 79. Kxd4 Qxa2 80. a6 Qf2+ 81. Kc4 Qb6 82. Kb4 Qd4+ 83. Kb3 Qc5 84. a7
Qxb5+ 85. Kc3 Qa5+ 86. Kd3 Kf5 87. Ke2 Qxa7 0-1

[Event "13. Online Aktivschach WM"]
[Site "Schachcomputer.info"]
[Date "2017.03.19"]
[Round "6.6"]
[White "Resurrection Ruffian"]
[Black "Novag Star Diamond"]
[Result "1-0"]
[WhiteElo "2370"]
[BlackElo "2186"]
[PlyCount "90"]
[EventDate "2016.??.??"]

1. e4 c5 2. Nf3 d6 3. d4 cxd4 4. Nxd4 Nf6 5. Nc3 a6 6. Be2 e5 7. Nf3 h6 8. Be3
Be6 9. O-O Qa5 10. Qd2 Nc6 11. Rfd1 Be7 12. Nd5 Bxd5 13. Qxa5 Nxa5 14. exd5 Rc8
15. c4 Ng4 16. Ba7 Nxc4 17. Rac1 b5 18. b3 Ra8 19. bxc4 Rxa7 20. cxb5 axb5 21.
Bxb5+ Kd8 22. a4 Nf6 23. Bc6 Bf8 24. Rc4 Be7 25. Rb1 Nd7 26. Rcb4 Rf8 27. Bxd7
Kxd7 28. Rb7+ Rxb7 29. Rxb7+ Ke8 30. a5 f5 31. Nh4 Bxh4 32. a6 Be7 33. Rb8+ Kf7
34. Rxf8+ Bxf8 35. a7 Be7 36. a8=Q g6 37. Qb7 f4 38. Qd7 g5 39. Qe6+ Ke8 40.
Qxh6 Kd7 41. Qh3+ Ke8 42. Qc8+ Kf7 43. f3 Kg7 44. Qf5 Bf8 45. Qxg5+ Kf7 1-0

[Event "13. Online Aktivschach WM"]
[Site "Schachcomputer.info"]
[Date "2017.03.16"]
[Round "6.7"]
[White "Fidelity Excel Mach IV"]
[Black "Tasc R30 V2.5"]
[Result "0-1"]
[WhiteElo "2123"]
[BlackElo "2371"]
[PlyCount "74"]
[EventDate "2016.??.??"]

1. d4 Nf6 2. c4 e6 3. Nc3 Bb4 4. e3 c5 5. Nge2 cxd4 6. exd4 d5 7. c5 O-O 8. g3
Nc6 9. Bg2 b6 10. a3 Bxc3+ 11. Nxc3 bxc5 12. dxc5 Ba6 13. Bg5 Ne5 14. Bf1 Bxf1
15. Rxf1 d4 16. Qe2 dxc3 17. Qxe5 Ng4 18. Bxd8 Nxe5 19. Be7 cxb2 20. Rb1 Rfb8
21. f4 Nc4 22. Rf3 Rb7 23. Rc3 Nxa3 24. Rxa3 Rxe7 25. Rxb2 Rc7 26. c6 Rxc6 27.
Rxa7 Rf8 28. h4 h5 29. Rb5 g6 30. Kf2 Rc2+ 31. Kf3 Rc3+ 32. Kg2 Rd8 33. Kh3 Rd4
34. Rb8+ Kg7 35. Rb5 Rxf4 36. Ra1 Rff3 37. Rg1 f5 0-1

[Event "13. Online Aktivschach WM"]
[Site "Schachcomputer.info"]
[Date "2017.03.27"]
[Round "6.8"]
[White "Mephisto Berlin Pro"]
[Black "Mephisto Atlanta"]
[Result "1-0"]
[WhiteElo "2274"]
[BlackElo "2270"]
[PlyCount "61"]
[EventDate "2016.??.??"]

1. e4 g6 2. d4 Bg7 3. Nc3 c6 4. Nf3 d5 5. e5 Bg4 6. Be2 f6 7. O-O Bxf3 8. exf6
Nxf6 9. Bxf3 Nbd7 10. Re1 O-O 11. Qd3 Nb6 12. Bg5 Qd6 13. Qe3 Rae8 14. b3 Nfd7
15. Bh6 Bxh6 16. Qxh6 e5 17. Qh4 Qb4 18. Ne2 Qd2 19. c3 Rxf3 20. gxf3 exd4 21.
Rad1 Qxa2 22. Nxd4 Rxe1+ 23. Rxe1 Nf8 24. Re7 Nc8 25. Rc7 Nb6 26. Qe7 Nbd7 27.
Rxd7 Nxd7 28. Ne6 Qb1+ 29. Kg2 Qh1+ 30. Kxh1 d4 31. Qg7# {1-0 Matt} 1-0

[Event "13. Online Aktivschach WM"]
[Site "Schachcomputer.info"]
[Date "2017.03.18"]
[Round "6.9"]
[White "Mephisto Milano Pro"]
[Black "Millennium ChessGenius 82 MHz"]
[Result "1-0"]
[WhiteElo "2163"]
[BlackElo "2250"]
[PlyCount "159"]
[EventDate "2016.??.??"]

1. e4 e5 2. Nf3 Nc6 3. Bb5 Nf6 4. O-O Nxe4 5. d4 Be7 6. Qe2 d5 7. Nxe5 Bd7 8.
Nxc6 bxc6 9. Bd3 Bf5 10. f3 Nd6 11. Bxf5 Nxf5 12. Qe5 Qd7 13. g4 Nd6 14. Qxg7
O-O-O 15. Qh6 Rdg8 16. Kh1 Rg6 17. Qh5 Bf6 18. c3 Qe6 19. Bf4 Qe2 20. Nd2 Qd3
21. Rae1 Rhg8 22. Rf2 R8g7 23. Rfe2 Kb8 24. h3 Bg5 25. Bxg5 Rxg5 26. Qh6 f5 27.
a3 fxg4 28. fxg4 Kb7 29. Nb3 Qf3+ 30. Rg2 R5g6 31. Qe3 Rf6 32. Nc5+ Kb6 33. Qe2
Qxe2 34. Rgxe2 a5 35. Kg2 Rff7 36. b4 h5 37. Ne6 Rg8 38. bxa5+ Kxa5 39. g5 Ne4
40. h4 Rf6 41. Rxe4 dxe4 42. Rxe4 Ka4 43. Nf4 Kxa3 44. Nxh5 Rh6 45. Ng3 Rhh8
46. Rg4 Rg6 47. h5 Rgg8 48. g6 c5 49. dxc5 Kb3 50. Ne4 Rg7 51. Rg5 Kc4 52. c6
Rgg8 53. Kf3 Rg7 54. Ke3 Kb3 55. Rb5+ Kc4 56. Rc5+ Kb3 57. Rd5 Re7 58. Kd3 Ka2
59. Rd7 Re6 60. g7 Rhe8 61. Rxc7 Rxe4 62. g8=Q+ Rxg8 63. Ra7+ Kb2 64. Rb7+ Kc1
65. Kxe4 Kd2 66. c7 Rc8 67. Ke5 Kxc3 68. h6 Kc4 69. h7 Kd3 70. Rb8 Rxc7 71.
h8=Q Rc5+ 72. Kd6 Rc3 73. Qh7+ Ke3 74. Qh3+ Kd2 75. Rb2+ Rc2 76. Qh2+ Kd3 77.
Qxc2+ Kd4 78. Qe2 Kc3 79. Qd2+ Kc4 80. Rb4# 1-0

[Event "13. Online Aktivschach WM"]
[Site "Schachcomputer.info"]
[Date "2017.03.10"]
[Round "6.10"]
[White "Saitek Barracuda 40 MHz"]
[Black "Pewatronic Master Chess"]
[Result "1-0"]
[WhiteElo "2150"]
[BlackElo "2208"]
[PlyCount "97"]
[EventDate "2016.??.??"]

1. d4 Nf6 2. c4 e6 3. Nc3 Bb4 4. e3 c5 5. Bd3 O-O 6. Nf3 d5 7. cxd5 cxd4 8.
exd4 exd5 9. O-O Qa5 10. Bd2 Bg4 11. a3 Be7 12. h3 Bxf3 13. Qxf3 Nc6 14. Be3
Rad8 15. b4 Qb6 16. Na4 Qc7 17. b5 Nb8 18. Rfc1 Qa5 19. Nc5 Bxc5 20. dxc5 Qa4
21. Bg5 Qd4 22. Bxf6 gxf6 23. Qf5 Qh4 24. c6 Nxc6 25. bxc6 bxc6 26. Rxc6 d4 27.
Rc7 Rfe8 28. Bc4 Re5 29. Qf3 d3 30. Bxd3 Rde8 31. Rb1 Qd4 32. Rbb7 Re1+ 33. Kh2
Qd6+ 34. Qg3+ Qxg3+ 35. Kxg3 Ra1 36. Rxa7 Rf8 37. Bc4 Kg7 38. Bxf7 Kh6 39. Be6
f5 40. Bc4 Kg6 41. Kf4 Rb1 42. Ra6+ Rf6 43. Bf7+ Kg7 44. Be6+ Kh6 45. Bxf5 Rb4+
46. axb4 Rg6 47. b5 Kh5 48. Rxh7+ Rh6 49. Rhxh6# 1-0